| 000 | 00862nam a2200277Ia 4500 | ||
|---|---|---|---|
| 001 | Para_3019 | ||
| 003 | CHAP | ||
| 008 | 220125s1948 xx 000 0 und d | ||
| 010 | _a201528 | ||
| 040 | _cCHAP | ||
| 090 | _aPA TESIS 253 | ||
| 100 |
_aRamírez Genel, Marcos _994023 |
||
| 245 |
_aAlgunos scolytidos del Edo. de Morelos / _c Marcos Ramírez Genel |
||
| 260 |
_aChapingo, Méx. : _b El autor |
||
| 300 | _a80 h. | ||
| 502 | _aTesis (Ing. Agr. Esp. en Parasitología Agrícola) -- ENA. Departamento de Parasitología Agrícola | ||
| 650 |
_aScolytidae Pinàceas _x Plagas _9166458 |
||
| 710 |
_aENA. Departamento de Parasitologia Agricola _936701 |
||
| 901 | _aPA TESIS 253 | ||
| 902 | _aA | ||
| 905 | _a0000001948 CHAa 0000000000 00 | ||
| 910 | _a1948 | ||
| 942 | _cPARA | ||
| 942 |
_cPARA _d1 |
||
| 999 |
_c201528 _d201528 |
||